00698nab a2200205 uc450000100070000000500170000700800410002403500110006503500210007604000130009704100080011010000420011824500520016065000250021265000410023765000290027870000390030770000360034677301100038280598620240201184854.0030421e20021201 spa  a805986 a(OCoLC)820022746 ccomduadb aspa10aOrts Cortés, Maria Isabel4auteaut10aFactor de impacto en las revistas de enfermeria 7aBibliometría2lemb 7aInvestigación en enfermería2dcs aPublicaciones biomedicas10aRichart Martinez, Miguel4auteaut10aCabrero Garcia, Julio4auteaut0 tEnfermería Clínica (España)gVol. 12, No. 06, Nov.-Dic. 2002, p. 266-272w725040x1130-86210232996